LIBRARY & INFORMATION CENTRE, KCAET, TAVANUR

ONLINE PUBLIC ACCESS CATALOGUE (OPAC)

Management of horticultural crops, part 1 / (Record no. 13251)

MARC details
000 -LEADER
fixed length control field 00476cam a2200169ua 4500
003 - CONTROL NUMBER IDENTIFIER
control field OSt
008 - FIXED-LENGTH DATA ELEMENTS--GENERAL INFORMATION
fixed length control field 240213b |||||||| |||| 00| 0 eng d
041 ## - LANGUAGE CODE
Language code of text/sound track or separate title eng
082 ## - DEWEY DECIMAL CLASSIFICATION NUMBER
Classification number 635
Item number PET/MA
100 ## - MAIN ENTRY--AUTHOR NAME
Personal name Peter, K. V.
245 00 - TITLE STATEMENT
Title Management of horticultural crops, part 1 /
260 ## - PUBLICATION, DISTRIBUTION, ETC. (IMPRINT)
Place of publication New Delhi :
Name of publisher New India Publishing Agency ,
Year of publication 2008.
300 ## - PHYSICAL DESCRIPTION
Number of Pages 451 ;
Accompanying material CD.
490 0# - SERIES STATEMENT
Series statement Horticultural Science Series No.11,
700 1# - ADDED ENTRY--PERSONAL NAME
Personal name Pradeepkumar, T .
942 ## - ADDED ENTRY ELEMENTS (KOHA)
Koha item type Books
Holdings
Withdrawn status Lost status Damaged status Home library Current library Date acquired Full call number Accession Number Koha item type
      KAUAET KAUAET 07/04/2012 635 PET/MA 21809 Books
free website counter